000 00668nam a2200217Ia 4500
008 160517s9999 xx 000 0 und d
050 _aQA 76.5
050 _b.Sa113 2016
100 _aSabanal, Harold A.
245 _aCollege automated profiling system for southville international school and colleges counseling and psychological services /
245 _cHarold A. Sabanal.
260 _aLas PiƱas, Philippines :
260 _bSISC,
260 _c2016.
300 _a194 pages :
300 _billustrations ;
300 _c28 cm.
500 _aIncludes bibliographical references and appendices.
521 _aInformation Technology
942 _cTH
999 _c293923
_d293923